| 000 | 00381nam a22001697a 4500 | ||
|---|---|---|---|
| 003 | SGT | ||
| 020 | _a9788131264898 | ||
| 082 |
_a612.015 _bM23P |
||
| 100 | _aPURI, DINESH | ||
| 245 | _aTEXT BOOK OF MEDICAL BIOCHEMISTRY | ||
| 250 | _a5TH | ||
| 260 |
_aINDIA _bELSEVIER _c2023 |
||
| 300 | _a774 | ||
| 650 | _aBIOCHEMISTRY | ||
| 653 | _a MEDICAL , BIOCHEMISTRY | ||
| 942 |
_2ddc _cBK |
||
| 999 |
_c29094 _d29094 |
||